00628nam a2200193Ia 4500003000900000008004100009020002200050040001600072080001700088100001800105245014900123260004200272300001500314650003200329650001900361650002200380650001300402700001900415IN-BaIIA211028s9999 xx 000 0 eng d a978-3-527-40735-4 cIIA Library a531.111bNIM aNimtz, Gunter 0aZero time spacebhow quantum tunneling broke the light speed barriercGunter Nimtz and Astrid Haibel  aWeinheimbWiley-VCH Verlag Gmbhc2008 axvi, 150p. aQuantum relativistic theory aTime and space aTunneling effects aZerotime aHaibel, Astrid